Central Library OPAC University of Rajshahi

Case study in auditing : (Record no. 75483)

MARC details
000 -LEADER
fixed length control field 00957nam a2200277 a 4500
001 - CONTROL NUMBER
control field 75483
003 - CONTROL NUMBER IDENTIFIER
rucl marc code BD-RjUL
005 - DATE AND TIME OF LATEST TRANSACTION
control field 20211209082711.0
008 - FIXED-LENGTH DATA ELEMENTS--GENERAL INFORMATION
fixed length control field 821209s1982 nyua 000 0 eng
020 ## - INTERNATIONAL STANDARD BOOK NUMBER
International Standard Book Number 0471863440
035 ## - SYSTEM CONTROL NUMBER
System control number (BD-RjUL)75701
040 ## - CATALOGING SOURCE
Original cataloging agency DLC
Transcribing agency DLC
Modifying agency DLC
-- BD-RjUL
Language of cataloging eng
041 ## - LANGUAGE CODE
Language code of text/sound track or separate title eng
082 00 - DEWEY DECIMAL CLASSIFICATION NUMBER
Edition number 23
Classification number 657.45
Author mark and year TAC 1982
100 1# - MAIN ENTRY--PERSONAL NAME
Personal name Taylor, Donald H.,
Dates associated with a name 1933-
9 (RLIN) 230563
245 10 - TITLE STATEMENT
Title Case study in auditing :
Remainder of title a case study on internal accounting control and substantive testing, with emphasis on the application of judgement in audit decision making /
Statement of responsibility, etc. Donald H. Taylor, G. William Glezen.
250 ## - EDITION STATEMENT
Edition statement 2nd ed.
260 ## - PUBLICATION, DISTRIBUTION, ETC. (IMPRINT)
Place of publication, distribution, etc. New York :
Name of publisher, distributor, etc. Wiley,
Date of publication, distribution, etc. 1982.
300 ## - PHYSICAL DESCRIPTION
Pagination xvi, 203 p. :
Illustrations ill. ;
Size 28 cm.
650 #0 - SUBJECT ADDED ENTRY--TOPICAL TERM
Topical term or geographic name as entry element Auditing
General subdivision Case studies.
9 (RLIN) 230564
Topical term or geographic name as entry element Auditing
General subdivision Problems, exercises, etc.
9 (RLIN) 230565
700 1# - ADDED ENTRY--PERSONAL NAME
Personal name Glezen, G. William.
942 ## - ADDED ENTRY ELEMENTS (KOHA)
Source of classification or shelving scheme Dewey Decimal Classification
Koha item type Books
Holdings
Lost status Source of classification or shelving scheme Damaged status Not for loan Collection code Permanent Location Current Location Shelving location Date acquired Source of acquisition Cost, normal purchase price Total Checkouts Full call number Date last seen Copy number Koha item type
  Dewey Decimal Classification     Non-fiction Central Library, University of Rajshahi Central Library, University of Rajshahi   03/03/1985 Tulip 20.85   657.45 TAC 1982 15/04/2019 C-2 Books
  Dewey Decimal Classification     Non-fiction Central Library, University of Rajshahi Central Library, University of Rajshahi   03/03/1985 Tulip 20.85   657.45 TAC 1982 15/04/2019 C-3 Books
  Dewey Decimal Classification     Non-fiction Central Library, University of Rajshahi Central Library, University of Rajshahi   03/03/1985 Tulip 20.85   657.45 TAC 1982 15/04/2019 C-4 Books
  Dewey Decimal Classification     Non-fiction Central Library, University of Rajshahi Central Library, University of Rajshahi   03/03/1985 Tulip 20.85   657.45 TAC 1982 15/04/2019 C-5 Books
  Dewey Decimal Classification     Non-fiction Central Library, University of Rajshahi Central Library, University of Rajshahi   03/03/1985 Tulip 20.85   657.45 TAC 1982 15/04/2019 C-6 Books
  Dewey Decimal Classification     Non-fiction Central Library, University of Rajshahi Central Library, University of Rajshahi   03/03/1985 Tulip 20.85   657.45 TAC 1982 15/04/2019 C-7 Books
  Dewey Decimal Classification     Non-fiction Central Library, University of Rajshahi Central Library, University of Rajshahi   03/03/1985 Tulip 20.85   657.45 TAC 1982 15/04/2019 C-8 Books
  Dewey Decimal Classification     Non-fiction Central Library, University of Rajshahi Central Library, University of Rajshahi   03/03/1985 Tulip 20.85   657.45 TAC 1982 15/04/2019 C-9 Books
  Dewey Decimal Classification   Not For Loan Non-fiction Central Library, University of Rajshahi Central Library, University of Rajshahi Reading Room 03/03/1985 Tulip 20.85   657.45 TAC 1982 15/04/2019 C-1 Books
  Dewey Decimal Classification     Non-fiction Central Library, University of Rajshahi Central Library, University of Rajshahi   03/03/1985 Tulip 20.85   657.45 TAC 1982 15/04/2019 C-10 Books